Nâng cao hiệu quả hoạt động của các quỹ tín dụng nhân dân trên địa bàn tỉnh Bình Dương

TM tài liệu tham khảo sau phần kết luận; Luận văn Thạc sĩ Quản trị kinh doanh. Trường Đại học Thủ Dầu Một, 2018; Gồm các chương: Chương 1: Tổng quan lý thuyết về hiệu quả hoạt động của quỹ tín dụng nhân dân; Chương 2:Thực trạng hiệu quả...

সম্পূর্ণ বিবরণ

সংরক্ষণ করুন:
গ্রন্থ-পঞ্জীর বিবরন
প্রধান লেখক: Trương, Thị Thủy Tiên
অন্যান্য লেখক: Lê Đình Hạc
বিন্যাস: গ্রন্থ
ভাষা:Undetermined
প্রকাশিত: Bình Dương 2018
বিষয়গুলি:
অনলাইন ব্যবহার করুন:http://lrc.tdmu.edu.vn/opac/search/detail.asp?aID=2&ID=35257
ট্যাগগুলো: ট্যাগ যুক্ত করুন
কোনো ট্যাগ নেই, প্রথমজন হিসাবে ট্যাগ করুন!
Thư viện lưu trữ: Trung tâm Học liệu Trường Đại học Thủ Dầu Một
LEADER 01769nam a2200205Ia 4500
001 TDMU_35257
008 210410s9999 xx 000 0 und d
082 |a 580 
090 |b TR561 
100 |a Trương, Thị Thủy Tiên 
245 0 |a Nâng cao hiệu quả hoạt động của các quỹ tín dụng nhân dân trên địa bàn tỉnh Bình Dương 
245 0 |c Trương Thị Thủy Tiên; TS. Lê Đình Hạc (hướng dẫn) 
260 |a Bình Dương 
260 |c 2018 
300 |a 74tr 
520 |a TM tài liệu tham khảo sau phần kết luận; Luận văn Thạc sĩ Quản trị kinh doanh. Trường Đại học Thủ Dầu Một, 2018; Gồm các chương: Chương 1: Tổng quan lý thuyết về hiệu quả hoạt động của quỹ tín dụng nhân dân; Chương 2:Thực trạng hiệu quả hoạt động của các quỹ tín dụng nhân dân trên địa bàn tỉnh Bình Dương; Chương 3: Giải pháp nâng cao hiệu quả hoạt động của các quỹ tín dụng nhân dân trên địa bàn tỉnh Bình Dương; Chuyên ngành: Kinh tế tài chính, ngân hàng; Mã số:8340101; Ý kiến về việc sao chép tài liệu: đồng ý sao chép 100% ; Ý kiến về việc chuyển dạng tài liệu ( từ giấy sang điện tử): đồng ý  
650 |a Luận văn; Quỹ tín dụng nhân dân  |x Nâng cao hiệu quả hoạt động  |z Bình Dương 
700 |a Lê Đình Hạc 
856 |u http://lrc.tdmu.edu.vn/opac/search/detail.asp?aID=2&ID=35257 
980 |a Trung tâm Học liệu Trường Đại học Thủ Dầu Một